01371nam a22003377a 4500003000500000005001700005008004100022010001000063011001000073035001000083040000900093082001600102100002100118245013200139260003600271300003100307590004100338590004100379590004100420590004200461650001900503650002000522650004300542901000700585942001000592949006600602949007100668999001700739952013600756952014100892CHAP20220329140340.0971013s1981 r 00010 d a50780 a51752 a55902 cCHAP a631.371bV600aVogt, F.9120611 aEnergy conservation and use of renewable energies in the bioíndustries; proceedings of the International Seminar on Energy... aOxford :bPergamon Press,c1981 a574 p.b: ilus. ; gráfs. aBATCH-UPDb10c20130110lUCH01h0635 aBATCH-UPDb10c20130410lUCH01h0319 aBATCH-UPDb10c20130914lUCH01h0632 aCONVERSIONb10c20130109lUCH01h132814aBiogas.91274014aBiomasa.91282514aEnergía solar en agricultura.936913 aBK cLIBRO a631.371 V6bBCcLIBROd33724000059697eLIBROh57299i55902si a631.371 V6bBCcLIBROd33724000059705eLIBROfc.2h57300i55902si c50780d50780 00102ddc4052708GRALaBCbBCcPP_GRALd2019-12-31fLIBROl0o631.371 V6p33724000059697r2019-12-31 00:00:00w2019-12-31yLIBRO 00102ddc4052708GRALaBCbBCcPP_GRALd2019-12-31fLIBROl0o631.371 V6p33724000059705r2019-12-31 00:00:00tc.2w2019-12-31yLIBRO